|
|
|
|
| LEADER |
00674nab a2200181 i 4500 |
| 001 |
acta725 |
| 005 |
20210310122135.0 |
| 008 |
161015s1976 hu o 0|| rus d |
| 022 |
|
|
|a 0586-3732
|
| 040 |
|
|
|a SZTE Egyetemi Kiadványok Repozitórium
|b hun
|
| 041 |
|
|
|a rus
|
| 100 |
1 |
|
|a Szőke Katalin
|
| 245 |
1 |
0 |
|a Ornamental'nyj skaz ili ornamental'naâ proza?
|h [elektronikus dokumentum] :
|b k problematike romana Andreâ Belogo "Serebrânyj golub'" /
|c Szőke Katalin
|
| 260 |
|
|
|c 1976
|
| 300 |
|
|
|a 57-64
|
| 490 |
0 |
|
|a Dissertationes slavicae
|v 11
|
| 695 |
|
|
|a Belyj Andrej, Irodalomtudomány
|
| 856 |
4 |
0 |
|u http://acta.bibl.u-szeged.hu/725/1/dissert_slav_011_057-064.pdf
|z Dokumentum-elérés
|